000 00456cam a2200181 4500
001 D8896
008 090401t1983 xxu||||| |||| 00| 0 eng d
035 _a(Sirsi) u16039
041 _aeng
050 _a692.3
100 _aMartin, David (ed)
245 _aSpecification 84: building methods and products. Volume 2
260 _aLondon
_bArchitectural Press
_c1983
300 _a5v. illus. 30cm
350 _a49.5
942 _n0
948 _c04/03/1997
999 _c87352
_d87352